[Event "EU-Cup 38th"]
[Site "Durres"]
[Date "2023.10.02"]
[Round "2.4"]
[White "Llupa, Oltjon"]
[Black "Favier, Alain"]
[Result "1-0"]
[WhiteElo "2063"]
[BlackElo "2023"]
[PlyCount "117"]
[EventDate "2023.10.01"]
[EventType "team-swiss"]
[EventRounds "7"]
[EventCountry "ALB"]
[SourceTitle "EXT 2024"]
[Source "ChessBase"]
[SourceDate "2023.10.10"]
[SourceVersion "1"]
[SourceVersionDate "2023.10.10"]
[SourceQuality "1"]
[WhiteTeam "Partizani"]
[BlackTeam "Differdange"]
[WhiteTeamCountry "ALB"]
[BlackTeamCountry "LUX"]

1. d4 Nf6 2. c4 e6 3. Nc3 d5 4. cxd5 exd5 5. Bg5 c6 6. e3 Be7 7. Bd3 0-0 8. Qc2 Nbd7 9. Nf3 Re8 10. 0-0 h6 11. Bh4 Ne4 12. Bxe7 Qxe7 13. Rab1 a6 14. Ne2 Rb8 15. b4 Nd6 16. a4 Nf6 17. b5 axb5 18. axb5 cxb5 19. Bxb5 Nxb5 20. Rxb5 Bd7 21. Rb6 Rec8 22. Qb2 Rc7 23. Nf4 Be6 24. Ne5 Rbc8 25. Nxe6 fxe6 26. Ng6 Qf7 27. Ne5 Qe7 28. h3 Ne4 29. Qe2 Rc1 30. Rxc1 Rxc1+ 31. Kh2 Qf6 32. Nd3 Rc7 33. Nf4 Nc3 34. Qg4 Re7 35. Kg1 Qf7 36. Rxe6 Rxe6 37. Qxe6 Qxe6 38. Nxe6 b5 39. Nc5 Kf7 40. Kf1 Na4 41. Nd3 Nb6 42. Ke2 Nc4 43. f3 Ke7 44. Nb4 Ke6 45. e4 dxe4 46. fxe4 h5 47. h4 g6 48. Kd3 Nb2+ 49. Ke3 Nc4+ 50. Kf4 Nd6 51. d5+ Kf7 52. g3 Nc4 53. e5 Ke7 54. Nc6+ Kd7 55. Nb4 Ke7 56. Nd3 Nb6 57. Ke4 Nc4 58. Kd4 Nd2 59. d6+ 1-0

[Event "Nichelino op 16th"]
[Site "Nichelino"]
[Date "2015.10.04"]
[Round "4"]
[White "Gromovs, Sergejs"]
[Black "Llupa, Oltjon"]
[Result "1-0"]
[WhiteElo "2196"]
[BlackElo "2033"]
[PlyCount "29"]
[EventDate "2015.10.02"]
[EventType "swiss"]
[EventRounds "5"]
[EventCountry "ITA"]
[SourceTitle "EXT 2018"]
[Source "ChessBase"]
[SourceDate "2017.10.13"]
[SourceVersion "1"]
[SourceVersionDate "2017.10.13"]
[SourceQuality "1"]

1. d4 d5 2. c4 e6 3. Nc3 c6 4. Nf3 dxc4 5. a4 Bb4 6. g3 Nf6 7. Bg2 Nbd7 8. 0-0 a6 9. Qc2 b5 10. axb5 Bxc3 11. bxc6 Ba5 12. cxd7+ Bxd7 13. Ne5 Nd5 14. Nxd7 Kxd7 15. Qa4+ 1-0

[Event "Nichelino Weekend 15th"]
[Site "Nichelino"]
[Date "2014.10.03"]
[Round "1"]
[White "Llupa, Oltjon"]
[Black "Seletsky, Grigory"]
[Result "0-1"]
[WhiteElo "1966"]
[BlackElo "2358"]
[PlyCount "62"]
[EventDate "2014.10.03"]
[EventType "swiss"]
[EventRounds "4"]
[EventCountry "ITA"]
[SourceTitle "EXT 2024"]
[Source "ChessBase"]
[SourceDate "2023.10.10"]
[SourceVersion "1"]
[SourceVersionDate "2023.10.10"]
[SourceQuality "1"]

1. d4 Nf6 2. c4 d6 3. Nf3 g6 4. Nc3 Bg7 5. g3 0-0 6. Bg2 Na6 7. 0-0 c5 8. d5 Nc7 9. Bg5 a6 10. Qc1 b5 11. Bh6 Rb8 12. Bxg7 Kxg7 13. b3 Bg4 14. e4 Bxf3 15. Bxf3 e5 16. dxe6 Nxe6 17. cxb5 Nd4 18. Bg2 axb5 19. Re1 b4 20. Ne2 Nb5 21. e5 dxe5 22. Qxc5 Qd6 23. Rac1 Rfd8 24. Bc6 Na3 25. Qe3 Rbc8 26. Ba4 Nc2 27. Rxc2 Rxc2 28. f4 exf4 29. Nxf4 Qd2 30. Qxd2 Rdxd2 31. h4 Ne4 0-1

[Event "Turin op"]
[Site "Turin"]
[Date "2006.12.??"]
[Round "1"]
[White "Llupa, Oltjon"]
[Black "De Santis, Alessio"]
[Result "0-1"]
[WhiteElo "1966"]
[BlackElo "2337"]
[PlyCount "41"]
[EventDate "2006.12.05"]
[EventType "swiss"]
[EventRounds "7"]
[EventCountry "ITA"]
[SourceTitle "EXT 2011"]
[Source "ChessBase"]
[SourceDate "2010.11.26"]
[SourceVersion "1"]
[SourceVersionDate "2010.11.26"]
[SourceQuality "1"]

1. d4 d6 2. e4 g6 3. c4 Bg7 4. Nc3 Nd7 5. Be3 a6 6. Bd3 c5 7. d5 Qa5 8. Nge2 Ne5 9. 0-0 Nf6 10. f4 Nxd3 11. Qxd3 0-0 12. h3 b5 13. g4 bxc4 14. Qxc4 Rb8 15. Rab1 Bd7 16. Bd2 Bb5 17. Nxb5 Qxd2 18. Nbc3 Rb4 19. Qxa6 Nxe4 20. Rfd1 Qe3+ 21. Kh1 0-1

[Event "Turin olympic op-A"]
[Site "Turin"]
[Date "2006.05.25"]
[Round "4"]
[White "Llupa, Oltjon"]
[Black "Dal Zotto, Lorenzo"]
[Result "1-0"]
[WhiteElo "1995"]
[BlackElo "1650"]
[PlyCount "39"]
[EventDate "2006.05.22"]
[EventType "swiss"]
[EventRounds "9"]
[EventCountry "ITA"]
[SourceTitle "EXT 2011"]
[Source "ChessBase"]
[SourceDate "2010.11.26"]
[SourceVersion "1"]
[SourceVersionDate "2010.11.26"]
[SourceQuality "1"]

1. d4 d5 2. c4 c6 3. Nc3 dxc4 4. e3 Bf5 5. Bxc4 Nf6 6. Qb3 e6 7. Qxb7 Qb6 8. Qxa8 Bb4 9. Ba6 0-0 10. Qb7 Qa5 11. Nge2 Nxa6 12. 0-0 Bd3 13. Re1 Rb8 14. Qxc6 Be4 15. Qc4 Bd5 16. Qd3 Be4 17. Qd1 Bb7 18. Bd2 Qg5 19. e4 Qg6 20. Nf4 1-0